Territories of the Democratic Republic of the Congo on a Map - Statistics

General Stats
  • This quiz has been taken 121 times
  • The average score is 19 of 189
Answers on the Map
Answers color-coded by a green-red scale on the quiz's map according to % correct below.
 
Answer Stats
Province Territory % Correct
Kinshasa Kinshasa
95%
Haut-Katan Lubumbashi
66%
Kasaï-Oriental Mbuji-Mayi
54%
Tshopo Kisangani
49%
Nord-Kivu Goma
46%
Kasaï-Central Kananga
33%
Sud-Kivu Bukavu
25%
Kongo-Central Matadi
20%
Kasaï Tshikapa
18%
Équateur Mbandaka
17%
Kongo-Central Boma
16%
Bas-Uele Buta
16%
Lomami Kabinda
14%
Haut-Katan Likasi
14%
Bas-Uele Aketi
13%
Bas-Uele Ango
13%
Ituri Aru
13%
Nord-Kivu Beni
13%
Tanganyika Kalemie
13%
Kwilu Kikwit
13%
Lualaba Kolwezi
13%
Bas-Uele Bondo
12%
Ituri Bunia
12%
Ituri Djugu
12%
Kasaï Ilebo
12%
Haut-Uele Isiro
12%
Haut-Lomam Kamina
12%
Maniema Kindu
12%
Tanganyika Manono
12%
Maï-Ndombe Mushie
12%
Nord-Kivu Rutshuru
12%
Bas-Uele Bambesa
11%
Kwilu Bandundu
11%
Tshuapa Boende
11%
Maï-Ndombe Bolobo
11%
Haut-Lomam Bukama
11%
Ituri Irumu
11%
Tanganyika Kabalo
11%
Haut-Katan Kasenga
11%
Maniema Kasongo
11%
Sud-Ubangi Libenge
11%
Nord-Kivu Lubero
11%
Ituri Mahagi
11%
Kongo-Central Mbanza-Ngungu
11%
Tanganyika Moba
11%
Bas-Uele Poko
11%
Haut-Katan Pweto
11%
Kongo-Central Tshela
11%
Sud-Kivu Uvira
11%
Haut-Uele Watsa
11%
Équateur Basankusu
9%
Tshopo Basoko
9%
Mongala Bumba
9%
Kasaï Dekese
9%
Lualaba Dilolo
9%
Haut-Uele Dungu
9%
Sud-Kivu Fizi
9%
Nord-Ubangi Gbadolite
9%
Sud-Ubangi Gemena
9%
Sud-Kivu Idjwi
9%
Maï-Ndombe Inongo
9%
Haut-Lomam Kabongo
9%
Haut-Katan Kambove
9%
Lomami Kamiji
9%
Haut-Lomam Kaniama
9%
Kongo-Central Kasangulu
9%
Haut-Katan Kipushi
9%
Tanganyika Kongolo
9%
Maï-Ndombe Kwamouth
9%
Mongala Lisala
9%
Kongo-Central Lukula
9%
Sankuru Lusambo
9%
Haut-Lomam Malemba-Nkulu
9%
Ituri Mambasa
9%
Nord-Kivu Masisi
9%
Haut-Katan Mitwaba
9%
Kongo-Central Moanda
9%
Lomami Ngandajika
9%
Haut-Uele Niangara
9%
Tanganyika Nyunzu
9%
Haut-Uele Rungu
9%
Haut-Katan Sakania
9%
Sud-Kivu Shabunda
9%
Sud-Ubangi Zongo
9%
Tshopo Bafwasende
8%
Tshopo Banalia
8%
Équateur Bikoro
8%
Équateur Bolomba
8%
Équateur Bomongo
8%
Kwilu Bulungu
8%
Nord-Ubangi Businga
8%
Nord-Kivu Butembo
8%
Kasaï-Central Demba
8%
Kasaï-Central | Kwilu Dibaya
8%
Kasaï-Central Dimbelenge
8%
Haut-Uele Faradje
8%
Kwilu Gungu
8%
Kwilu Idiofa
8%
Équateur Ingende
8%
Tshopo Isangi
8%
Maniema Kabambare
8%
Sud-Kivu Kabare
8%
Kasaï-Oriental Kabeya-Kam
8%
Sud-Kivu Kalehe
8%
Kasaï Kamonia
8%
Lualaba Kapanga
8%
Sankuru Katako-Kombe
8%
Kasaï-Oriental Katanda
8%
Kwango Kenge
8%
Kongo-Central Kimvula
8%
Maï-Ndombe Kutu
8%
Sankuru Lodja
8%
Lomami Lubao
8%
Lualaba Lubudi
8%
Maniema Lubutu
8%
Kasaï Luebo
8%
Lomami Luilu
8%
Équateur Lukolela
8%
Kongo-Central Luozi
8%
Kasaï-Oriental Lupatapata
8%
Kongo-Central Madimba
8%
Équateur Makanza
8%
Kwilu Masi-Manim
8%
Kasaï-Oriental Miabi
8%
Nord-Ubangi Mobayi-Mbongo
8%
Lualaba Mutshatsha
8%
Kasaï Mweka
8%
Lomami Mwene-Ditu
8%
Sud-Kivu Mwenga
8%
Nord-Kivu Nyiragongo
8%
Maniema Punia
8%
Lualaba Sandoa
8%
Kongo-Central Seke-Banza
8%
Kongo-Central Songololo
8%
Kasaï-Oriental Tshilenge
8%
Tshopo Ubundu
8%
Nord-Kivu Walikale
8%
Sud-Kivu Walungu
8%
Haut-Uele Wamba
8%
Maï-Ndombe Yumbi
8%
Kwilu Bagata
7%
Sud-Kivu Baraka
7%
Tshuapa Befale
7%
Tshuapa Bokungu
7%
Mongala Bongandanga
7%
Nord-Ubangi Bosobolo
7%
Sud-Ubangi Budjala
7%
Tshuapa Djolu
7%
Kwango Feshi
7%
Tshuapa Ikela
7%
Kwango Kahemba
7%
Maniema Kailo
7%
Kwango Kasongo-Lunda
7%
Kasaï-Central Kazumba
7%
Maniema Kibombo
7%
Maï-Ndombe Kiri
7%
Sankuru Kole
7%
Sud-Ubangi Kungu
7%
Sankuru Lomela
7%
Sankuru Lubefu
7%
Kasaï-Central Luiza
7%
Tshuapa Monkoto
7%
Nord-Kivu Oïcha
7%
Tshopo Opala
7%
Maï-Ndombe Oshwe
7%
Maniema Pangi
7%
Kwango Popokabaka
7%
Tshopo Yahuma
7%
Nord-Ubangi Yakoma
7%
Kongo-Central Inkisi
5%
Maniema Kalima
5%
Tshopo Yangambi
5%
Kongo-Central Bangu
4%
Sud-Kivu Kamituga
4%
Maï-Ndombe Nioki
4%
Haut-Uele Aba
3%
Lualaba Kasaji
3%
Kwilu Mangai
3%
Kasaï-Central Tshimbulu
3%
Ituri Ariwara
1%
Sankuru Bena-Dibele
1%
Bas-Uele Dingila
1%
Ituri Ingbokolo
1%
Tanganyika Kaoze
1%
Kasaï-Oriental Lukalaba
1%
Ituri Mongwalu
1%
Maniema Namoya
1%
Sankuru Tshumbe
1%
No matching quizzes found
Score Distribution
Percent of People with Each Score
Percentile by Number Answered
Your Score History
You have not taken this quiz